| 000 | 00395pab a2200169 454500 | ||
|---|---|---|---|
| 008 | 180718b1997 xxu||||| |||| 00| 0 eng d | ||
| 100 | _aKapur, J.N. | ||
| 245 | _aStudent attitude to higher education | ||
| 260 | _c1997 | ||
| 300 | _ap.13-14 | ||
| 362 | _a15 Sep | ||
| 650 | _aStudents | ||
| 650 | _aEducation, Higher | ||
| 650 | _aEducation | ||
| 773 | _aUniversity News | ||
| 909 | _a35383 | ||
| 999 |
_c35383 _d35383 |
||